000 00467nam a2200193Ia 4500
003 OSt
005 20250611142640.0
008 210210b1987 xxu||||| |||| 00| 0 eng d
040 _cAL
041 _aKannada
082 _aK894.3 MANI
100 _aMANU
_dಮನು
_9214308
245 _aIravata
_b ಐರಾವತ
260 _aNanjanagudu
_bSi Ke Prakashana
_c1987
300 _aiv,242
690 _aKannada Fiction
_9214309
906 _a040203
942 _2ddc
_cBK
999 _c90261
_d90261